00657nam a2200145 a 450000100100000000500170001000800410002704000250006808200140009310000280010724501450013526000570028030000200033750001540035700002869020200930055059.0110411s1992 gw 000 0 spa d aDO-SdBNPbspacBNPHU axxxbZ72f1 aZimmerling, Ruthd1953-10aEl futuro de América Latina en el mercado mundial :bintegración regional versus integración en el mercado mundial /cRuth Zimmerling. aBonn, Alemania :bFriedrich Ebert Stiftung,c[1992]. a24 p. ;c21 cm. aInforme sobre la Conferencia Internacional realizada 24 y 25 de marzo de 1992 en Francfort del Meno en cooperacion con la Ciudadde Francfort del Meno